CRYPTOGRAPHY AND NETWORK SECURITY (Record no. 23308)

000 -LEADER
fixed length control field 00291nam a22001337a 4500
020 ## - INTERNATIONAL STANDARD BOOK NUMBER
International Standard Book Number 8120330188
082 ## - DEWEY DECIMAL CLASSIFICATION NUMBER
Classification number 005.8
100 ## - MAIN ENTRY--PERSONAL NAME
Personal name STALLINGS, WILLIAM
245 ## - TITLE STATEMENT
Title CRYPTOGRAPHY AND NETWORK SECURITY
250 ## - EDITION STATEMENT
Edition statement 4TH ED.
260 ## - PUBLICATION, DISTRIBUTION, ETC.
Place of publication, distribution, etc. USA
Name of publisher, distributor, etc. PRENTICE HALL
Date of publication, distribution, etc. 2006
300 ## - PHYSICAL DESCRIPTION
Extent 680
942 ## - ADDED ENTRY ELEMENTS (KOHA)
Koha item type Book
Holdings
Withdrawn status Lost status Damaged status Not for loan Permanent Location Current Location Shelving location Date acquired Full call number Barcode Date last seen Price effective from Koha item type Total Checkouts Total Renewals Date last checked out
        Central Library (CL) Central Library (CL) First Floor - Artificial Intelligence/Data Mining 03/07/2013 005.8 RCMS000492 01/03/2024 03/07/2013 Book 4 3 11/05/2023
        NUST Baluchistan Campus (NBC) NUST Baluchistan Campus (NBC) General Stacks 03/07/2013 005.8 RCMS000491 03/07/2013 03/07/2013 Book      
        NUST Baluchistan Campus (NBC) NUST Baluchistan Campus (NBC) General Stacks 03/07/2013 005.8 RCMS000506 07/03/2015 03/07/2013 Book 3   07/01/2015
        NUST Baluchistan Campus (NBC) NUST Baluchistan Campus (NBC) General Stacks 03/07/2013 005.8 RCMS000507 06/19/2015 03/07/2013 Book 1   02/18/2015
        NUST Baluchistan Campus (NBC) NUST Baluchistan Campus (NBC) General Stacks 03/07/2013 005.8 RCMS000508 03/07/2013 03/07/2013 Book      
        NUST Baluchistan Campus (NBC) NUST Baluchistan Campus (NBC) General Stacks 03/07/2013 005.8 RCMS000509 10/09/2018 03/07/2013 Book 3   11/11/2014
© 2023 Central Library, National University of Sciences and Technology. All Rights Reserved.